| 000 | 01141nam a2200229Ia 4500 | ||
|---|---|---|---|
| 003 | Ost | ||
| 005 | 20260507075739.0 | ||
| 008 | 260507s9999||||xx |||||||||||||| ||und|| | ||
| 040 | _cfsecg | ||
| 041 | _aara | ||
| 082 | _a658.7 | ||
| 100 |
_aمصطفى، نهال فريد _eمؤلف |
||
| 245 | 0 |
_aإدارة اللوجستيات / _c نهال فريد مصطفى |
|
| 260 |
_aالاسكندرية: _bدار الجامعة الجديدة, _c2003 |
||
| 300 |
_a398 صفحة؛ _bإيضاحات ؛ _c24 سم |
||
| 504 | _aالمراجع ص.381 | ||
| 520 | _aالمدخل المتكامل لوظيفة اللوجستيات،المدخل المتكامل لوظيفة اللوجستيات،تنظيم وإدارة وظيفة اللوجستيات،المفهوم الحديث للوجيستيات،إدارة سلاسل التوريد،النقل والشحن،إدارة المخزون،الشراء،نظام المعلومات في مجال اللوجستيات | ||
| 653 | _aادارة المخازن | ||
| 653 | _aادارة المواد | ||
| 700 |
_aالعبد، جلال ابراهيم _eمؤلف ثانوي |
||
| 942 | _cكتاب | ||
| 999 |
_c46121 _d46121 |
||